Statistiques concernant Dates - Fragilité des démocraties et totalitarisme en Europe

Cliquez ici pour prendre le quiz!

Statistiques générales

  • Ce quiz a été pris 124 fois
  • Le résultat moyen est 9 sur 28

Statistiques - réponses

EvènementPrécisionDate% Correct
Mort de LénineAnnée1924
82%
Putsch raté de Munich; Hitler commence à recomposer les
cadres du pangermanisme, notamment dans Mein Kampf
Année1923
72%
Jeudi noir précédant le krach boursier de Wall StreetJour, mois et année24 octobre 1929
64%
Invasion des Sudètes par Hitler et AnschlussAnnée1938
55%
Election du Front PopulaireMois et annéeAvril-mai 1936
55%
Lois fascistissimesAnnées1925-1926
52%
Grande Terreur stalinienneAnnées1937-1938
52%
Remilitarisation de la Rhénanie par l'AllemagneAnnée1936
47%
Nomination d'Hitler chancelier, après la victoire du NSDAP
aux élections législatives
Jour, mois et année30 janvier 1933
46%
Massacre de Nankin après l'invasion de la Mandchourie
par le Japon
Année1937
43%
Déclarations de guerre de la France et de la Grande-Bretagne
à l'Allemagne
Jour, mois et année3 septembre 1939
43%
Invasion de la Pologne par l'Allemagne (couloir de Dantzig)Jour, mois et année1er septembre 1939
42%
Envoi d'un ultimatum par la France et la Grande-Bretagne à
l'Allemagne, au nom de la SDN
Jour, mois et année2 septembre 1939
36%
Pacte de non-agression germano-soviétique
(partage de la Pologne)
Mois et annéeAoût 1939
30%
Grèves de la joieMois et annéeMai-juin 1936
25%
Dictature de FrancoAnnées1939-1975
24%
Signature des accords MatignonJours, mois et année6-7 juin 1936
23%
Manifestations antiparlementaires par les liguesJour, mois et année6 février 1934
22%
Incendie du Reichstag par les SA (communistes accusés)Jour, mois et année27 février 1933
21%
"Nuit de Cristal", pogrom contre les JuifsJours, mois et année9-10 novembre 1938
21%
"Nuits des longs couteaux", les opposants politiques
et les SA sont liquidés
Mois et annéeJuin 1934
20%
Election du Front Populaire au Parlement espagnolMois et annéeFévrier 1936
14%
Alliances entre la France, la Pologne et la Grande-BretagneMois et annéeAvril 1939
12%
Arrivée des effets de la crises dans la société françaiseMois et annéeJanvier 1933
12%
Mort du Président HindenburgJour, mois et année2 août 1934
7%
Signature des accords de MunichJour, mois et année30 septembre 1938
7%
Création de l'Axe Rome-BerlinJour, mois et année1er novembre 1936
5%
Pacte anti-Komintern signé par l'Allemagne et le JaponJour, mois et année25 novembre 1936
3%

Distribution des résultats

Percentile par nombre de réponses

% des personnes avec chaque résultat

Votre développement - résultats

Vous n’avez pas pris ce quiz